000 00961cam a2200289 i 4500
001 3718257
003 OSt
005 20240614093933.0
008 800905s1981 enk b 001 0 eng
010 _a 80040880
015 _aGB81
020 _a0521224721
020 _a0521295149 (pbk.)
040 _aDLC
_cDDC
_dDLC
050 0 0 _aQA221
_b.P65
082 0 0 _a510.POW.1981
100 1 _aPowell, M. J. D.
_q(Michael James David),
_d1936-
_915937
245 1 0 _aApproximation theory and methods /
_cM. J. D. Powell.
260 _aCambridge [Eng.] ;
_aNew York :
_bCambridge University Press,
_c1981.
300 _ax, 339 p. :
_bgrapgs ;
_c24 cm.
500 _aIncludes index.
504 _aBibliography: p.
650 0 _aApproximation theory.
_915938
856 4 2 _3Publisher description
_uhttp://www.loc.gov/catdir/description/cam022/80040880.html
856 4 1 _3Table of contents
_uhttp://www.loc.gov/catdir/toc/cam029/80040880.html
942 _2ddc
_cO_SHELF
999 _c7831
_d7831